[Event "Asian Nations Cup - Women"]
[Site "http://asianchess.com/live/mnations/ancw/"]
[Date "2016.04.02"]
[Round "6"]
[Board "4"]
[White "Baymuratova, Sevara"]
[Black "Guo, Qi"]
[Result "1/2-1/2"]
[WhiteElo "2156"]
[BlackElo "2435"]
[PlyCount "0"]
[EventDate "2016.03.28"]
[EventType "team"]
[EventRounds "9"]
[EventCountry "UAE"]
[WhiteTeam "Uzbekistan"]
[BlackTeam "China"]

1. d4 {[%clk 1:30:37]} Nf6 {[%clk 1:30:38]} 2. c4 {[%clk 1:30:55]} e6
{[%clk 1:30:50]} 3. Nf3 {[%clk 1:31:14]} d5 {[%clk 1:29:19]} 4. Nc3
{[%clk 1:31:32]} Bb4 {[%clk 1:29:35]} 5. e3 {[%clk 1:28:58]} O-O {[%clk 1:29:52]}
6. Qc2 {[%clk 1:28:08]} b6 {[%clk 1:22:02]} 7. a3 {[%clk 1:25:05]} Be7
{[%clk 1:19:29]} 8. e4 {[%clk 1:17:07]} dxe4 {[%clk 1:16:43]} 9. Nxe4
{[%clk 1:17:33]} Bb7 {[%clk 1:17:03]} 10. Bd3 {[%clk 1:17:44]} Nxe4
{[%clk 1:15:24]} 11. Bxe4 {[%clk 1:18:06]} Bxe4 {[%clk 1:15:49]} 12. Qxe4
{[%clk 1:18:23]} Nd7 {[%clk 1:16:13]} 13. O-O {[%clk 1:18:20]} Nf6
{[%clk 1:10:43]} 14. Qc2 {[%clk 1:17:32]} c5 {[%clk 1:09:24]} 15. Rd1
{[%clk 1:15:49]} Qc7 {[%clk 1:08:39]} 16. Bg5 {[%clk 1:10:35]} Rfd8
{[%clk 1:06:08]} 17. dxc5 {[%clk 1:07:05]} Qxc5 {[%clk 1:06:18]} 18. Be3
{[%clk 1:04:32]} Qc7 {[%clk 1:04:55]} 19. h3 {[%clk 1:02:58]} h6 20. Rac1
{[%clk 0:58:49]} Rxd1+ {[%clk 0:56:03]} 21. Qxd1 {[%clk 0:57:50]} Rd8
{[%clk 0:56:01]} 22. Qe2 {[%clk 0:56:11]} a5 {[%clk 0:54:30]} 23. Nd4
{[%clk 0:52:56]} Bc5 {[%clk 0:48:30]} 24. Nc2 {[%clk 0:44:14]} Qe5
{[%clk 0:45:53]} 25. b4 {[%clk 0:41:04]} Bd6 {[%clk 0:40:39]} 26. g3
{[%clk 0:41:22]} Rc8 {[%clk 0:34:27]} 27. Qd3 {[%clk 0:38:14]} Bc7
{[%clk 0:33:41]} 28. Bd4 {[%clk 0:31:38]} Qe4 {[%clk 0:32:28]} 29. Qxe4
{[%clk 0:19:50]} Nxe4 {[%clk 0:32:46]} 30. Be3 {[%clk 0:15:00]} e5
{[%clk 0:31:17]} 31. Ne1 {[%clk 0:10:27]} f5 {[%clk 0:27:59]} 32. c5
{[%clk 0:09:08]} b5 {[%clk 0:27:47]} 33. Rd1 {[%clk 0:04:57]} g5 {[%clk 0:26:54]}
34. Rd7 {[%clk 0:04:17]} Nf6 {[%clk 0:27:01]} 35. Rd1 {[%clk 0:03:19]} f4
{[%clk 0:26:12]} 36. Bc1 {[%clk 0:02:50]} Kf7 {[%clk 0:26:27]} 37. Bb2
{[%clk 0:02:17]} Ke6 {[%clk 0:26:32]} 38. bxa5 {[%clk 0:00:59]} Nd7
{[%clk 0:21:42]} 39. gxf4 {[%clk 0:01:11]} gxf4 {[%clk 0:21:59]} 40. c6
{[%clk 0:00:39]} Nb8 {[%clk 0:21:44]} 41. Nd3 {[%clk 0:00:58]} Nxc6
{[%clk 0:19:45]} 42. Nc5+ {[%clk 0:00:38]} Kf5 {[%clk 0:20:06]} 43. a6
{[%clk 0:00:33]} Bb6 {[%clk 0:19:15]} 44. Nd7 {[%clk 0:00:50]} Bd4
{[%clk 0:16:21]} 45. Rb1 {[%clk 0:26:01]} Ra8 {[%clk 0:35:51]} 46. Bxd4
{[%clk 0:24:12]} Nxd4 {[%clk 0:36:16]} 47. Nc5 {[%clk 0:24:13]} Rc8
{[%clk 0:32:20]} 48. Nb7 {[%clk 0:23:43]} Ke6 {[%clk 0:31:15]} 49. a4
{[%clk 0:20:04]} bxa4 {[%clk 0:25:36]} 50. a7 {[%clk 0:17:20]} Ra8
{[%clk 0:20:14]} 51. Nc5+ {[%clk 0:10:47]} Kd5 {[%clk 0:18:56]} 52. Nxa4
{[%clk 0:11:01]} Rxa7 {[%clk 0:19:23]} 53. Nc3+ {[%clk 0:10:58]} Kc4
{[%clk 0:19:06]} 54. Ne4 {[%clk 0:11:01]} Rg7+ {[%clk 0:16:21]} 55. Kh1
{[%clk 0:06:13]} Kd3 {[%clk 0:16:05]} 56. Re1 {[%clk 0:05:17]} Nf3
{[%clk 0:14:41]} 57. Nc5+ {[%clk 0:05:41]} Kc4 {[%clk 0:12:09]} 58. Rc1+
{[%clk 0:06:01]} Kd5 {[%clk 0:12:35]} 59. Nd3 {[%clk 0:05:08]} Ke4
{[%clk 0:13:01]} 60. Nc5+ {[%clk 0:05:23]} Kf5 {[%clk 0:13:27]} 61. Nd3
{[%clk 0:04:27]} Rg8 {[%clk 0:10:54]} 62. Nb4 {[%clk 0:02:17]} e4
{[%clk 0:10:46]} 63. Nc6 {[%clk 0:02:17]} Rg7 {[%clk 0:10:39]} 64. Rc5+
{[%clk 0:00:44]} Kf6 {[%clk 0:09:03]} 65. Rc1 {[%clk 0:00:56]} e3
{[%clk 0:09:10]} 66. fxe3 {[%clk 0:01:17]} fxe3 {[%clk 0:05:46]} 67. Rf1
{[%clk 0:01:41]} Kf5 {[%clk 0:04:06]} 68. Rxf3+ {[%clk 0:02:03]} Ke4
{[%clk 0:04:34]} 69. Rf8 {[%clk 0:01:28]} e2 {[%clk 0:04:22]} 70. Re8+
{[%clk 0:01:49]} Kd3 {[%clk 0:04:49]} 71. Ne5+ {[%clk 0:01:26]} Ke3
{[%clk 0:04:35]} 72. Ng4+ {[%clk 0:01:31]} Kd2 {[%clk 0:05:00]} 73. Rd8+
{[%clk 0:01:34]} Ke1 {[%clk 0:03:34]} 74. Re8 {[%clk 0:00:45]} h5
{[%clk 0:03:41]} 75. Ne3 {[%clk 0:00:43]} Kf2 {[%clk 0:02:58]} 76. Nc2
{[%clk 0:01:02]} Rc7 {[%clk 0:03:19]} 77. Rf8+ {[%clk 0:01:19]} Kg3
{[%clk 0:03:42]} 78. Rg8+ {[%

[Event "Asian Nations Cup - Women"]
[Site "http://asianchess.com/live/mnations/ancw/"]
[Date "2016.04.02"]
[Round "6"]
[Board "3"]
[White "Nguyen, Thi Mai Hung"]
[Black "Batchimeg, Tuvshintugs"]
[Result "0-1"]
[WhiteElo "2282"]
[BlackElo "2395"]
[PlyCount "0"]
[EventDate "2016.03.28"]
[EventType "team"]
[EventRounds "9"]
[EventCountry "UAE"]
[WhiteTeam "Vietnam"]
[BlackTeam "Mongolia"]

1. d4 {[%clk 1:30:53]} Nf6 {[%clk 1:30:55]} 2. Nf3 {[%clk 1:30:45]} g6
{[%clk 1:31:14]} 3. Bf4 {[%clk 1:30:09]} Bg7 {[%clk 1:31:35]} 4. Nbd2
{[%clk 1:30:02]} O-O {[%clk 1:31:40]} 5. e3 {[%clk 1:26:26]} d6 {[%clk 1:32:00]}
6. Be2 {[%clk 1:25:55]} b6 {[%clk 1:32:09]} 7. O-O {[%clk 1:25:30]} Bb7
{[%clk 1:32:32]} 8. a4 {[%clk 1:25:33]} a6 {[%clk 1:32:28]} 9. c3
{[%clk 1:24:41]} Nbd7 {[%clk 1:32:36]} 10. h3 {[%clk 1:24:50]} Ne4
{[%clk 1:32:37]} 11. Nxe4 {[%clk 1:22:33]} Bxe4 {[%clk 1:29:07]} 12. Qb3
{[%clk 1:21:05]} h6 {[%clk 1:25:52]} 13. Rfd1 {[%clk 1:19:53]} c5
{[%clk 1:19:11]} 14. Nd2 {[%clk 1:11:14]} Bc6 {[%clk 1:16:31]} 15. Bg3
{[%clk 0:56:43]} Nf6 {[%clk 1:11:17]} 16. Qc2 {[%clk 0:36:10]} Qc8
{[%clk 1:08:49]} 17. b4 {[%clk 0:33:26]} cxb4 {[%clk 0:59:47]} 18. cxb4
{[%clk 0:33:48]} Qb7 {[%clk 0:55:41]} 19. Bf1 {[%clk 0:33:40]} Rfc8
{[%clk 0:54:31]} 20. Qb2 {[%clk 0:33:17]} b5 {[%clk 0:49:16]} 21. Nb3
{[%clk 0:27:45]} Bd7 {[%clk 0:35:32]} 22. a5 {[%clk 0:18:49]} Nd5
{[%clk 0:29:16]} 23. Nd2 {[%clk 0:12:51]} Rc7 {[%clk 0:29:18]} 24. Bd3
{[%clk 0:10:54]} Nc3 {[%clk 0:25:27]} 25. Rdc1 {[%clk 0:10:18]} Rac8
{[%clk 0:25:07]} 26. Nb3 {[%clk 0:08:54]} Na4 {[%clk 0:24:15]} 27. Qd2
{[%clk 0:08:37]} Be6 {[%clk 0:21:17]} 28. Rxc7 {[%clk 0:08:26]} Rxc7
{[%clk 0:21:14]} 29. Nc1 {[%clk 0:08:37]} Qd5 {[%clk 0:15:56]} 30. f3
{[%clk 0:07:03]} Bxd4 {[%clk 0:15:33]} 31. Be4 {[%clk 0:06:57]} Bc3
{[%clk 0:14:23]} 32. Qxc3 {[%clk 0:06:42]} Nxc3 {[%clk 0:14:02]} 33. Bxd5
{[%clk 0:07:06]} Nxd5 {[%clk 0:14:24]} 34. Nd3 {[%clk 0:05:56]} Rc3
{[%clk 0:13:37]} 35. Nf4 {[%clk 0:04:22]} Nxb4 {[%clk 0:13:11]} 36. Be1
{[%clk 0:03:17]} Rc4 {[%clk 0:13:11]} 37. Rb1 {[%clk 0:02:31]} Nc2
{[%clk 0:11:14]} 38. Bd2 {[%clk 0:02:50]} Na3 {[%clk 0:10:31]} 39. Ra1
{[%clk 0:01:52]} Nc2 {[%clk 0:06:50]} 40. Rc1 {[%clk 0:01:14]} Kf8
{[%clk 0:02:42]} 41. Nd3 {[%clk 0:27:02]} Bf5 {[%clk 0:31:41]} 42. e4
{[%clk 0:26:28]} Be6 {[%clk 0:31:25]} 43. Bxh6+ Ke8 44. Bd2 {[%clk 0:22:17]} Nd4
{[%clk 0:14:59]} 45. Rxc4 {[%clk 0:14:23]} bxc4 {[%clk 0:15:21]} 46. Nb4
{[%clk 0:14:50]} c3 {[%clk 0:11:09]} 47. Be3 {[%clk 0:15:07]} Nb3
{[%clk 0:11:24]} 48. Kf2 {[%clk 0:14:08]} Bc4 {[%clk 0:11:04]} 49. h4
{[%clk 0:13:37]} e5 {[%clk 0:10:52]} 50. Bb6 {[%clk 0:13:40]} Nc5
{[%clk 0:06:05]} 51. Ke1 {[%clk 0:07:21]} Ne6 {[%clk 0:04:45]} 52. Kd1
{[%clk 0:06:17]} Bb3+ {[%clk 0:04:54]} 53. Ke2 {[%clk 0:05:28]} Nf4+
{[%clk 0:05:11]} 54. Kf2 {[%clk 0:04:58]} Bc4 {[%clk 0:05:01]} 55. g3
{[%clk 0:04:49]} Ne2 {[%clk 0:05:12]} 56. Nc2 {[%clk 0:04:19]} f5
{[%clk 0:04:20]} 57. Na3 {[%clk 0:03:58]} f4 {[%clk 0:04:08]} 58. gxf4
{[%clk 0:03:49]} exf4 {[%clk 0:04:37]} 59. Ke1 {[%clk 0:03:20]} Bd3
{[%clk 0:04:42]} 60. Nc2 {[%clk 0:02:27]} Nc1 {[%clk 0:01:13]} 61. Kd1
{[%clk 0:00:43]} Nb3 {[%clk 0:01:13]} 62. Ne1 {[%clk 0:00:46]} Bb1
{[%clk 0:01:07]} 63. Nc2 {[%clk 0:00:53]} Bxc2+ {[%clk 0:00:45]} 64. Kxc2
{[%clk 0:01:20]} Nd2 {[%clk 0:01:13]} 65. Kxc3 {[%clk 0:01:23]} Nxf3
{[%clk 0:01:40]} 66. Bf2 {[%clk 0:01:47]} Kd7 {[%clk 0:01:46]} 67. Kd3
{[%clk 0:01:06]} Ke6 {[%clk 0:01:01]} 68. Ke2 {[%clk 0:01:16]} Ne5
{[%clk 0:01:19]} 69. Be1 {[%clk 0:01:19]} d5 {[%clk 0:00:56]} 70. exd5+
{[%clk 0:01:37]} Kxd5 {[%clk 0:01:23]} 71. Bf2 {[%clk 0:01:42]} Ke4
{[%clk 0:01:48]} 72. Bb6 {[%clk 0:02:07]} f3+ {[%clk 0:01:56]} 73. Kf2
{[%clk 0:02:04]} Ng4+ {[%clk 0:01:49]} 74. Kg3 {[%clk 0:02:16]} Ne3
{[%clk 0:01:54]} 75. Kf2 {[%clk 0:02:42]} Nf5 {[%clk 0:02:18]} 76. Bd8
{[%clk 0:02:50]} Kf4 {[%clk 0:02:42]} 77. h5 {[%clk 0:01:49]} gxh5
{[%clk 0:03:04]} 78. Bf6 {[%clk 0:0

[Event "Asian Nations Cup - Women"]
[Site "http://asianchess.com/live/mnations/ancw/"]
[Date "2016.04.02"]
[Round "6"]
[Board "1"]
[White "Al-Harmoudi, Mona"]
[Black "Pourkashiyan, Atousa"]
[Result "0-1"]
[WhiteElo "1694"]
[BlackElo "2372"]
[PlyCount "0"]
[EventDate "2016.03.28"]
[EventType "team"]
[EventRounds "9"]
[EventCountry "UAE"]
[WhiteTeam "UAE - 2"]
[BlackTeam "Iran"]

1. d4 Nf6 2. c4 e6 3. Nf3 b6 4. g3 Ba6 5. Qc2 c5 6. Bg2 Bb7 7. O-O cxd4 8. Nxd4
Bxg2 9. Kxg2 Bc5 10. Rd1 O-O 11. Nc3 Qc8 12. Bg5 Be7 13. b3 h6 14. Bf4 Nc6 15. e4
Bc5 16. Ndb5 e5 17. Bc1 a6 18. Nd6 Qb8 19. Nf5 Nd4 20. Nxd4 Bxd4 21. f3 b5 22.
Rb1 Rc8 23. Ne2 Bc5 24. Bb2 d6 25. Qd3 Qb7 26. Nc3 bxc4 27. Qxc4 Bd4 28. Qd3 Rc6
29. Rbc1 Rac8 30. Rc2 Qc7 31. Rdc1 d5 32. Nxd5 Rxc2+ 33. Rxc2 Qxc2+ 34. Qxc2
Rxc2+ 35. f4 0-1

[Event "Asian Nations Cup - Women"]
[Site "http://asianchess.com/live/mnations/ancw/"]
[Date "2016.04.03"]
[Round "7"]
[Board "1"]
[White "Nomin-Erdene, Davaademberel"]
[Black "Saduakassova, Dinara"]
[Result "1-0"]
[WhiteElo "2489"]
[BlackElo "2411"]
[PlyCount "0"]
[EventDate "2016.03.28"]
[EventType "team"]
[EventRounds "9"]
[EventCountry "UAE"]
[WhiteTeam "Mongolia"]
[BlackTeam "Kazakhstan"]

1. e4 {[%clk 1:29:21]} e5 {[%clk 1:30:56]} 2. Nf3 {[%clk 1:29:45]} Nc6
{[%clk 1:31:18]} 3. Bb5 {[%clk 1:30:03]} a6 {[%clk 1:31:42]} 4. Ba4
{[%clk 1:30:28]} Nf6 {[%clk 1:32:07]} 5. d3 {[%clk 1:30:52]} d6 {[%clk 1:25:17]}
6. a3 {[%clk 1:25:07]} g6 {[%clk 1:23:13]} 7. O-O {[%clk 1:22:00]} Bg7
{[%clk 1:23:33]} 8. c3 {[%clk 1:21:09]} O-O {[%clk 1:23:04]} 9. Re1
{[%clk 1:17:00]} h6 {[%clk 1:16:19]} 10. d4 {[%clk 1:05:58]} b5 {[%clk 1:09:34]}
11. Bc2 {[%clk 1:04:57]} exd4 {[%clk 1:06:00]} 12. cxd4 {[%clk 0:57:46]} Bg4
{[%clk 1:05:23]} 13. d5 {[%clk 0:58:05]} Ne5 {[%clk 1:03:04]} 14. Nbd2
{[%clk 0:58:28]} Qc8 {[%clk 0:58:52]} 15. Re3 {[%clk 0:49:56]} Re8
{[%clk 0:53:55]} 16. Rb1 {[%clk 0:42:44]} c6 {[%clk 0:49:16]} 17. dxc6
{[%clk 0:39:53]} Qxc6 {[%clk 0:49:17]} 18. Bb3 {[%clk 0:39:51]} Nxf3+
{[%clk 0:40:31]} 19. gxf3 {[%clk 0:36:41]} Bh3 {[%clk 0:38:29]} 20. Nf1
{[%clk 0:34:05]} Rad8 {[%clk 0:33:21]} 21. Rd3 {[%clk 0:22:58]} d5
{[%clk 0:32:05]} 22. exd5 {[%clk 0:17:21]} Qd6 {[%clk 0:22:54]} 23. Ng3
{[%clk 0:17:45]} h5 {[%clk 0:17:32]} 24. Bg5 {[%clk 0:17:01]} Qe5
{[%clk 0:11:19]} 25. Qd2 {[%clk 0:17:14]} Nh7 {[%clk 0:05:43]} 26. f4
{[%clk 0:13:37]} Qb8 {[%clk 0:04:23]} 27. Bxd8 {[%clk 0:14:01]} Rxd8
{[%clk 0:03:39]} 28. Ne4 {[%clk 0:09:54]} Bf5 {[%clk 0:03:00]} 29. f3
{[%clk 0:10:05]} Bf8 {[%clk 0:02:11]} 30. d6 {[%clk 0:09:52]} Bxe4
{[%clk 0:01:17]} 31. fxe4 {[%clk 0:10:18]} Bxd6 {[%clk 0:01:30]} 32. e5
{[%clk 0:09:47]} Bc5+ {[%clk 0:01:40]} 33. Kh1 {[%clk 0:09:46]} Rxd3
{[%clk 0:00:44]} 34. Qxd3 {[%clk 0:10:12]} Nf8 {[%clk 0:00:38]} 35. Rd1
{[%clk 0:09:14]} Qb7+ {[%clk 0:00:46]} 36. Bd5 {[%clk 0:07:51]} Qe7
{[%clk 0:01:09]} 37. f5 {[%clk 0:08:06]} g5 {[%clk 0:00:50]} 38. e6
{[%clk 0:04:54]} fxe6 {[%clk 0:00:47]} 39. fxe6 {[%clk 0:05:17]} Bd6
{[%clk 0:01:09]} 40. Qf5 {[%clk 0:05:19]} Kg7 {[%clk 0:01:17]} 41. Rf1
{[%clk 0:05:08]} Bf4 {[%clk 0:01:22]} 42. h4 {[%clk 0:04:27]} Ng6
{[%clk 0:00:59]} 43. hxg5 {[%clk 0:00:39]} Qxg5 {[%clk 0:23:33]} 44. Qxg5
{[%clk 0:31:15]} Bxg5 {[%clk 0:23:56]} 45. Rf7+ {[%clk 0:30:03]} Kh6
{[%clk 0:24:22]} 46. Be4 {[%clk 0:30:18]} Bh4 {[%clk 0:22:37]} 47. e7
{[%clk 0:30:38]} Nxe7 {[%clk 0:23:01]} 48. Rh7+ {[%clk 0:31:03]} b4 1-0

[Event "Asian Nations Cup - Women"]
[Site "http://asianchess.com/live/mnations/ancw/"]
[Date "2016.04.04"]
[Round "8"]
[Board "2"]
[White "Kurbonboeva, Sarvinoz"]
[Black "Abdumalik, Zhansaya"]
[Result "1/2-1/2"]
[WhiteElo "2172"]
[BlackElo "2381"]
[PlyCount "0"]
[EventDate "2016.03.28"]
[EventType "team"]
[EventRounds "9"]
[EventCountry "UAE"]
[WhiteTeam "Uzbekistan"]
[BlackTeam "Kazakhstan"]

1. c4 {[%clk 1:30:56]} c5 {[%clk 1:29:26]} 2. Nc3 {[%clk 1:31:18]} Nc6
{[%clk 1:28:41]} 3. g3 {[%clk 1:31:37]} g6 {[%clk 1:27:32]} 4. Bg2
{[%clk 1:31:59]} Bg7 {[%clk 1:27:14]} 5. Nf3 {[%clk 1:32:09]} e5 {[%clk 1:25:38]}
6. d3 {[%clk 1:30:10]} Nge7 {[%clk 1:23:26]} 7. O-O {[%clk 1:28:32]} O-O
{[%clk 1:21:49]} 8. Rb1 {[%clk 1:25:42]} d5 {[%clk 1:16:41]} 9. cxd5
{[%clk 1:24:52]} Nxd5 {[%clk 1:17:00]} 10. Nxe5 {[%clk 1:13:02]} Nxc3
{[%clk 1:13:08]} 11. Nxc6 {[%clk 1:12:59]} Qb6 {[%clk 1:13:30]} 12. Ne7+
{[%clk 1:13:16]} Kh8 {[%clk 1:13:59]} 13. Nd5 {[%clk 1:13:21]} Nxd1
{[%clk 1:12:51]} 14. Nxb6 {[%clk 1:13:46]} axb6 {[%clk 1:13:13]} 15. Rxd1
{[%clk 1:12:26]} Rxa2 {[%clk 1:13:02]} 16. Bd5 {[%clk 1:11:51]} Ra4
{[%clk 1:08:36]} 17. Bd2 {[%clk 1:04:50]} Bg4 {[%clk 0:57:16]} 18. f3
{[%clk 1:00:07]} Be6 {[%clk 0:52:25]} 19. Bxe6 {[%clk 0:52:08]} fxe6
{[%clk 0:52:54]} 20. Bc3 {[%clk 0:43:11]} Rfa8 {[%clk 0:48:59]} 21. b3
{[%clk 0:38:34]} Ra2 {[%clk 0:46:47]} 22. Bxg7+ {[%clk 0:38:57]} Kxg7
{[%clk 0:47:12]} 23. Kf2 {[%clk 0:31:32]} Rc2 {[%clk 0:41:54]} 24. Ra1
{[%clk 0:28:20]} Ra5 {[%clk 0:40:47]} 25. Ke3 {[%clk 0:18:07]} Kf6
{[%clk 0:34:43]} 26. f4 {[%clk 0:15:35]} h5 {[%clk 0:32:42]} 27. h3
{[%clk 0:13:31]} Rb2 {[%clk 0:30:09]} 28. Rdb1 {[%clk 0:13:26]} Rxa1
{[%clk 0:25:24]} 29. Rxb2 {[%clk 0:12:37]} h4 {[%clk 0:22:08]} 30. gxh4
{[%clk 0:10:42]} Rh1 {[%clk 0:22:23]} 31. b4 {[%clk 0:08:40]} Kf5
{[%clk 0:20:58]} 32. bxc5 {[%clk 0:07:05]} bxc5 {[%clk 0:20:10]} 33. Rxb7
{[%clk 0:07:07]} Rxh3+ {[%clk 0:20:36]} 34. Kf2 {[%clk 0:07:30]} Kxf4
{[%clk 0:20:40]} 35. Rf7+ {[%clk 0:07:21]} Ke5 {[%clk 0:20:33]} 36. Rg7
{[%clk 0:06:49]} Kf6 {[%clk 0:20:22]} 37. Rh7 {[%clk 0:03:39]} Kf5
{[%clk 0:19:01]} 38. Rf7+ {[%clk 0:02:58]} Ke5 {[%clk 0:18:23]} 39. Rg7
{[%clk 0:03:02]} Rxh4 {[%clk 0:17:35]} 40. Rxg6 {[%clk 0:03:27]} Kd5
{[%clk 0:17:45]} 41. Ke3 {[%clk 0:03:14]} c4 {[%clk 0:16:16]} 42. dxc4+
{[%clk 0:02:01]} Rxc4 {[%clk 0:16:42]} 43. Rg8 {[%clk 0:01:33]} Rh4
{[%clk 0:16:59]} 44. Rd8+ {[%clk 0:00:58]} Ke5 {[%clk 0:17:27]} 45. Kd3
{[%clk 0:01:06]} Rh3+ {[%clk 0:17:32]} 46. e3 {[%clk 0:01:25]} Rh1
{[%clk 0:18:01]} 47. Ra8 {[%clk 0:01:37]} Rd1+ {[%clk 0:18:16]} 48. Ke2
{[%clk 0:02:01]} Rb1 {[%clk 0:18:26]} 49. Kf3 {[%clk 0:02:08]} Rb5
{[%clk 0:18:34]} 50. Rh8 {[%clk 0:02:23]} Rb4 {[%clk 0:18:46]} 51. Ra8
{[%clk 0:02:35]} Rb5 {[%clk 0:18:46]} 52. Ke4+ 1/2-1/2

[Event "Asian Nations Cup - Women"]
[Site "http://asianchess.com/live/mnations/ancw/"]
[Date "2016.04.04"]
[Round "8"]
[Board "3"]
[White "Wickramasinghe, Dilhara Ishini"]
[Black "Batchimeg, Tuvshintugs"]
[Result "0-1"]
[WhiteElo "1757"]
[BlackElo "2395"]
[PlyCount "0"]
[EventDate "2016.03.28"]
[EventType "team"]
[EventRounds "9"]
[EventCountry "UAE"]
[WhiteTeam "Sri Lanka"]
[BlackTeam "Mongolia"]

1. d4 {[%clk 1:30:51]} Nf6 {[%clk 1:30:45]} 2. c4 {[%clk 1:30:41]} c5
{[%clk 1:31:02]} 3. d5 {[%clk 1:30:45]} b5 {[%clk 1:31:27]} 4. Qc2
{[%clk 1:31:05]} bxc4 {[%clk 1:29:05]} 5. e4 {[%clk 1:30:57]} d6 {[%clk 1:29:16]}
6. Bxc4 {[%clk 1:30:49]} g6 {[%clk 1:29:24]} 7. h3 {[%clk 1:30:47]} Bg7
{[%clk 1:29:40]} 8. Nf3 {[%clk 1:30:45]} O-O {[%clk 1:29:41]} 9. O-O
{[%clk 1:30:56]} Ba6 {[%clk 1:26:19]} 10. Na3 {[%clk 1:28:03]} Qb6
{[%clk 1:22:26]} 11. Re1 {[%clk 1:22:12]} Nbd7 {[%clk 1:19:56]} 12. Rb1
{[%clk 1:16:46]} Qb7 {[%clk 1:12:41]} 13. b3 {[%clk 1:12:35]} Rab8
{[%clk 1:08:55]} 14. Bb2 {[%clk 1:09:33]} Nb6 {[%clk 1:05:51]} 15. Nd2
{[%clk 1:06:22]} Bh6 {[%clk 1:02:19]} 16. Bc3 {[%clk 1:02:58]} Bxd2
{[%clk 0:56:30]} 17. Bxd2 {[%clk 1:03:09]} Bxc4 {[%clk 0:50:10]} 18. bxc4
{[%clk 0:49:05]} Qa6 {[%clk 0:50:06]} 19. Nb5 {[%clk 0:48:39]} Rb7
{[%clk 0:48:56]} 20. Re3 {[%clk 0:46:07]} Qa4 {[%clk 0:47:44]} 21. Qxa4
{[%clk 0:31:18]} Nxa4 {[%clk 0:48:10]} 22. f3 {[%clk 0:29:55]} Nd7
{[%clk 0:25:27]} 23. Reb3 {[%clk 0:23:11]} Nab6 {[%clk 0:23:32]} 24. Na3
{[%clk 0:22:22]} Rbb8 {[%clk 0:20:36]} 25. Rb5 {[%clk 0:19:10]} Ra8
{[%clk 0:18:25]} 26. Rc1 {[%clk 0:15:35]} f5 {[%clk 0:16:50]} 27. exf5
{[%clk 0:12:11]} gxf5 {[%clk 0:16:09]} 28. Bf4 {[%clk 0:10:32]} Kf7
{[%clk 0:15:25]} 29. Re1 {[%clk 0:10:01]} Rg8 {[%clk 0:13:51]} 30. Rb2
{[%clk 0:09:04]} Nf6 {[%clk 0:12:58]} 31. Rbe2 {[%clk 0:08:49]} Rae8
{[%clk 0:13:22]} 32. Rc2 {[%clk 0:04:43]} Rb8 {[%clk 0:13:10]} 33. Rce2
{[%clk 0:01:19]} Rb7 {[%clk 0:13:39]} 34. Rb1 {[%clk 0:00:49]} Ne8
{[%clk 0:10:01]} 35. Reb2 {[%clk 0:00:55]} Nc7 {[%clk 0:09:51]} 36. Nc2
{[%clk 0:00:40]} Na6 {[%clk 0:09:05]} 37. a3 {[%clk 0:00:42]} Rbb8
{[%clk 0:08:32]} 38. Ne3 {[%clk 0:00:56]} Kf6 {[%clk 0:08:56]} 39. Rb5
{[%clk 0:00:39]} Nc7 {[%clk 0:08:28]} 40. R5b2 Rbd8 {[%clk 0:04:20]} 41. Rd2
{[%clk 0:01:00]} Rb8 {[%clk 0:25:42]} 42. Rdb2 {[%clk 0:27:44]} Na6
{[%clk 0:18:08]} 43. Rb5 Na4 {[%clk 0:16:22]} 44. Nd1 {[%clk 0:17:28]} Rb6
{[%clk 0:12:05]} 45. Bd2 {[%clk 0:13:38]} Rgb8 {[%clk 0:04:44]} 46. Nc3
{[%clk 0:08:28]} Rxb5 {[%clk 0:03:56]} 47. Rxb5 {[%clk 0:02:53]} Nb6
{[%clk 0:03:45]} 48. Ra5 {[%clk 0:01:43]} Nxc4 {[%clk 0:03:35]} 49. Rxa6
{[%clk 0:01:26]} Nxd2 {[%clk 0:04:03]} 50. Rxa7 {[%clk 0:01:40]} Rb3
{[%clk 0:03:33]} 51. Ne2 {[%clk 0:01:33]} c4 {[%clk 0:02:13]} 52. a4
{[%clk 0:01:06]} c3 {[%clk 0:01:35]} 53. Rc7 {[%clk 0:01:20]} Nb1
{[%clk 0:02:00]} 54. a5 {[%clk 0:01:12]} Ra3 {[%clk 0:02:26]} 55. a6
{[%clk 0:01:18]} Rxa6 {[%clk 0:02:50]} 56. Nxc3 {[%clk 0:01:43]} Nxc3
{[%clk 0:03:13]} 57. Rxc3 {[%clk 0:02:08]} Ra1+ {[%clk 0:03:34]} 58. Kf2
{[%clk 0:01:21]} Rd1 {[%clk 0:04:01]} 59. Ke2 {[%clk 0:00:49]} Rxd5
{[%clk 0:04:27]} 60. f4 {[%clk 0:00:37]} h5 {[%clk 0:03:46]} 61. Ke3
{[%clk 0:00:39]} Rb5 {[%clk 0:04:02]} 62. Kf3 {[%clk 0:00:55]} Rb4
{[%clk 0:03:26]} 63. Re3 {[%clk 0:00:49]} h4 {[%clk 0:03:43]} 64. g3
{[%clk 0:00:49]} e5 {[%clk 0:03:20]} 65. fxe5+ {[%clk 0:00:51]} dxe5
{[%clk 0:03:46]} 66. gxh4 {[%clk 0:00:38]} Rxh4 {[%clk 0:04:10]} 67. Kg2
{[%clk 0:00:59]} Rb4 {[%clk 0:03:42]} 68. Rf3 {[%clk 0:00:55]} f4
{[%clk 0:04:05]} 69. h4 {[%clk 0:01:15]} Kf5 {[%clk 0:04:30]} 70. Kh3
{[%clk 0:01:35]} Rb1 {[%clk 0:04:52]} 71. Kg2 {[%clk 0:01:27]} Kg4
{[%clk 0:05:14]} 72. Rf2 {[%clk 0:01:05]} Kxh4 {[%clk 0:05:23]} 73. Kf3
{[%clk 0:01:28]} Rb3+ {[%clk 0:05:37]} 74. Ke4 {[%clk 0:01:45]} Re3+
{[%clk 0:06:04]} 75. Kf5 {[%clk 0:01:59]} Kg3 {[%clk 0:06:32]} 76. Rf1
{[%clk 0:02:12]} Kg2 {[%clk 0:06:50]} 77. Ra1 {[%clk 0:02:25]} f3
{[%clk 0:07:16]}